Guess the Random Waterparks Song #13 - Statistics

General Stats
  • This quiz has been taken 24 times
  • The average score is 175 of 291
Answer Stats
Answer % Correct
a
100%
I
100%
(I
100%
you:
100%
you
100%
you,
100%
no
94%
what
94%
I'm
89%
me
89%
me,
89%
my
89%
that
89%
the
89%
thin
89%
who
89%
But
83%
it,
83%
it
83%
to
83%
To
83%
be
78%
can't
78%
think
78%
we
78%
Will,
78%
you're
78%
and
72%
And
72%
If
72%
if
72%
on
72%
(So
72%
them
72%
by,
67%
for
67%
here?
67%
here
67%
in
67%
It's
67%
it's
67%
just
67%
now,
67%
now
67%
That's
67%
that's
67%
up
67%
with
67%
would
67%
you've
67%
bands
61%
black
61%
blue
61%
clothes
61%
cool
61%
cutting
61%
day)
61%
(Fuck
61%
"fuck
61%
fuck
61%
get
61%
go)
61%
Hey,
61%
know
61%
Let's
61%
like
61%
our
61%
right?)
61%
see
61%
start
61%
themselves
61%
these
61%
voices
61%
was
61%
wasn't
61%
what's
61%
white
61%
yeah
61%
away
56%
done
56%
from
56%
got
56%
hair
56%
I'll
56%
keep
56%
look
56%
myself
56%
of
56%
out
56%
put
56%
tantrum,
56%
tell
56%
this
56%
We're
56%
around
50%
Around,
50%
don't
50%
follow
50%
fucked
50%
hope
50%
I've
50%
(I've
50%
kill
50%
Maybe
50%
proud
50%
really
50%
since
50%
sincere
50%
than
50%
try
50%
Try
50%
While
50%
you'll
50%
cares?"
44%
coming
44%
excuse
44%
fragile,
44%
freaked
44%
friends
44%
fuckboy
44%
full?)
44%
getting
44%
good
44%
hands
44%
idols
44%
looked
44%
nameless
44%
people
44%
rest
44%
round,
44%
round
44%
texts
44%
(Thank
44%
today
44%
15
39%
certain
39%
couple
39%
earned
39%
more
39%
(Nah,
39%
person
39%
quick)
39%
say
39%
shave
39%
shit,
39%
use
39%
Clayton
33%
come
33%
gets
33%
hard
33%
lacking
33%
lonely
33%
Loud
33%
made
33%
married
33%
missus
33%
mister
33%
move
33%
Richard
33%
some
33%
swings
33%
things
33%
tried
33%
two
33%
y'all
33%
become
28%
burn
28%
catch
28%
dares
28%
Drop
28%
hassle
28%
misses
28%
'parks
28%
part
28%
party
28%
resent
28%
scene
28%
starry
28%
symmetry)
28%
taking
28%
teeth,
28%
trust,
28%
turned
28%
again
22%
John,
22%
uninspired's
22%
(Cam)
17%
No matching quizzes found
Score Distribution
Percent of People with Each Score
Percentile by Number Answered
Your Score History
You have not taken this quiz